00483 2200181 4500245004600000020002200046250001100068100002500079700002100104650002100125650001000146005001900156260006500175041001400240084001000254300002800264336000900292 aAku Bukan DiacHerti Audrey MaulinahText a978-623-307-166-6 aCet. 1 aHerti Audrey Maulina aDwi Agus Erinita aCerita Bergambar aEbook a20241104123018 aJakarta TimurbBadan Pengembangan dan Pembinaan Bahasac2022 aIndonesia a741.5 aiv, 28 hlm. :c29,7 cm. atext